Ekonomická přidaná hodnota - nástroj řízení a hodnocení výkonnosti podniku

Model Ekonomická pridaná hodnota (Economic value added - EVA) ako nástroj k riadeniu a oceňovaniu podnikov. Modely skúmania ekonomickej pridanej hodnoty. Príklad výpočtu ekonomickej pridanej hodnoty v konkrétnom podniku.

Salvato in:
Dettagli Bibliografici
Autore principale: Netopil, Richard
Natura: Capitolo di libro
Lingua:ceco
Soggetti:
Tags: Aggiungi Tag
Nessun Tag, puoi essere il primo ad aggiungerne!!

MARC

LEADER 00000naa$a2200000$$$4500
001 0006564
005 20231004104221.5
041 0 |a cze 
044 |a CZ 
245 1 0 |a Ekonomická přidaná hodnota - nástroj řízení a hodnocení výkonnosti podniku  |c aut. Richard Netopil 
520 |a Model Ekonomická pridaná hodnota (Economic value added - EVA) ako nástroj k riadeniu a oceňovaniu podnikov. Modely skúmania ekonomickej pridanej hodnoty. Príklad výpočtu ekonomickej pridanej hodnoty v konkrétnom podniku. 
610 2 0 |a hodnota pridaná ekonomická 
610 2 0 |a výkonnosť 
610 2 0 |a modely ekonomické 
610 2 0 |a oceňovanie ekonomické 
610 2 0 |a podnik 
100 1 |a Netopil, Richard